00662cam a22002051 450000100060000000300080000600500170001400800390003103500190007003500180008904000450010704100080015208200210016010000350018124500500021626000820026630000500034850400200039865100380041823927BD-RjUL20211209001004.0140312r19661964pk abf 001 0 eng a(BD-RjUL)23992 a(OCoLC)409009 aDLCcODaWUdOCoLCdUkdDLCdBD-RjULbeng aeng00a915.47bAHG 19661 aAhmad, Kazi Said Uddin,d1904-12aA geography of Pakistan /cDr. Kazi S. Ahmad. aKarachi :bPakistan Branch, Oxford University Press,c1964 [Impression 1966]. avi, 216 p. :billus., maps, plates. ;c19 cm. aIncludes index. 0aPakistanxDescription and travel.